000 00420nam a2200181Ia 4500
005 20240823051755.0
008 240823s9999||||xx |||||||||||||| ||und||
041 _aENGLISH
082 _A668.9 N3
100 _aGowariker V R [etal]
245 0 _aPolymer Science
250 _a1st
260 _c1993
_b"Wiley,New Delhi"
500 _aTRANSFERED
650 _aChemistry
_bChemistry
942 _cBK
999 _c220343
_d220343